[Event "Colombo Golden Jubilee op"]
[Site "Colombo"]
[Date "2022.11.27"]
[Round "9"]
[White "Liyanapathirana, Pasan Vindula"]
[Black "Nabil Nazar, Mohamed"]
[Result "1-0"]
[WhiteElo "1896"]
[BlackElo "1961"]
[PlyCount "73"]
[EventDate "2022.11.23"]
[EventType "swiss"]
[EventRounds "9"]
[EventCountry "SRI"]
[SourceTitle "CBM 211 Extra"]
[Source "ChessBase"]
[SourceDate "2023.01.31"]
[SourceVersion "1"]
[SourceVersionDate "2023.01.31"]
[SourceQuality "1"]

1. e4 c5 2. Nf3 e6 3. Qe2 d5 4. exd5 Qxd5 5. g3 Nc6 6. c3 g6 7. Bg2 Bg7 8. 0-0 Nge7 9. d4 cxd4 10. Nxd4 Nxd4 11. cxd4 Qxd4 12. Nc3 0-0 13. Be3 Qe5 14. f4 Qa5 15. Rfd1 e5 16. Nd5 Nc6 17. fxe5 Nxe5 18. Ne7+ Kh8 19. Nxc8 Raxc8 20. Rd5 Qc7 21. Rc1 Nc6 22. Qf2 Rfe8 23. Bxa7 Qe7 24. Bc5 Qe6 25. Rf1 f5 26. h3 Ra8 27. a3 Ra4 28. b3 Ra6 29. b4 Raa8 30. Rfd1 Rad8 31. Rxd8 Rxd8 32. Rxd8+ Nxd8 33. Qd2 Bf6 34. Qd5 Qe1+ 35. Kh2 Nc6 36. Qd7 Be5 37. Qe8+ 1-0

[Event "Commonwealth-ch"]
[Site "Waskaduwa"]
[Date "2022.11.15"]
[Round "2"]
[White "Sengupta, Deep"]
[Black "Nabil Nazar, Mohamed"]
[Result "1-0"]
[WhiteElo "2497"]
[BlackElo "1961"]
[PlyCount "41"]
[EventDate "2022.11.14"]
[EventType "swiss"]
[EventRounds "9"]
[EventCountry "SRI"]
[SourceTitle "CBM 211 Extra"]
[Source "ChessBase"]
[SourceDate "2023.01.31"]
[SourceVersion "1"]
[SourceVersionDate "2023.01.31"]
[SourceQuality "1"]

1. c4 e6 2. Nf3 Nf6 3. b3 d5 4. e3 Be7 5. Bb2 c5 6. cxd5 Qxd5 7. Nc3 Qd8 8. Qc2 Nc6 9. a3 a6 10. Na4 b6 11. b4 0-0 12. bxc5 bxc5 13. Ng5 g6 14. h4 Nd7 15. Ne4 Qa5 16. f4 Bb7 17. h5 Nd4 18. exd4 Bxe4 19. Qxe4 Qxa4 20. hxg6 hxg6 21. Rh8+ 1-0

[Event "World ol U16"]
[Site "Nakhchivan"]
[Date "2022.10.06"]
[Round "5.6"]
[White "Tenuunbold, Battulga"]
[Black "Nabil Nazar, Mohamed"]
[Result "1-0"]
[WhiteElo "2178"]
[BlackElo "1861"]
[PlyCount "91"]
[EventDate "2022.10.02"]
[EventType "team-swiss"]
[EventRounds "9"]
[EventCountry "AZE"]
[SourceTitle "CBM 210 Extra"]
[Source "ChessBase"]
[SourceDate "2022.11.30"]
[SourceVersion "1"]
[SourceVersionDate "2022.11.30"]
[SourceQuality "1"]
[WhiteTeam "Mongolia"]
[BlackTeam "Sri Lanka"]
[WhiteTeamCountry "MGL"]
[BlackTeamCountry "SRI"]

1. d4 d5 2. c4 e6 3. Nf3 Nf6 4. g3 Be7 5. Bg2 0-0 6. 0-0 dxc4 7. Qa4 a6 8. Qxc4 b5 9. Qc2 Bb7 10. Bd2 Be4 11. Qc1 c6 12. Nc3 Bg6 13. Rd1 Nbd7 14. a3 Qb6 15. b4 a5 16. Qb2 axb4 17. axb4 Nd5 18. Nxd5 cxd5 19. Ra5 Qb7 20. Bf1 Bd8 21. Rxa8 Qxa8 22. e3 Bh5 23. Ra1 Qb7 24. Ne1 Bg6 25. Qa3 Bc7 26. Qa7 Rb8 27. Bxb5 Qxa7 28. Rxa7 Rxb5 29. Rxc7 Nb6 30. Rc5 Rxc5 31. dxc5 Nc4 32. Bc3 Kf8 33. b5 Ke7 34. Bxg7 Kd7 35. Nf3 Bd3 36. Nd4 Kc7 37. Bf6 Na5 38. Be5+ Kb7 39. Bd6 Bc4 40. c6+ Kb6 41. Be7 Nb3 42. Bd8+ Ka7 43. b6+ Kb8 44. Nxb3 Bxb3 45. Bc7+ Kc8 46. Bd6 1-0

[Event "Olympiad-44"]
[Site "Chennai"]
[Date "2022.08.08"]
[Round "10.4"]
[White "Bolanos, Fernando"]
[Black "Nabil Nazar, Mohamed"]
[Result "1/2-1/2"]
[WhiteElo "2258"]
[BlackElo "1845"]
[PlyCount "103"]
[EventDate "2022.07.29"]
[EventType "team-swiss"]
[EventRounds "11"]
[EventCountry "IND"]
[SourceTitle "CBM 210"]
[Source "ChessBase"]
[SourceDate "2022.10.31"]
[SourceVersion "1"]
[SourceVersionDate "2022.10.31"]
[SourceQuality "1"]
[WhiteTeam "Bolivia"]
[BlackTeam "Sri Lanka"]
[WhiteTeamCountry "BOL"]
[BlackTeamCountry "SRI"]

1. e4 c5 2. Nf3 e6 3. d4 cxd4 4. Nxd4 Nf6 5. Nc3 Nc6 6. Nxc6 bxc6 7. e5 Nd5 8. Ne4 Bb7 9. Be2 c5 10. 0-0 Qc7 11. c4 Ne3 12. Bxe3 Bxe4 13. f4 Be7 14. Bf3 Bxf3 15. Rxf3 0-0 16. Rh3 g6 17. Bd2 f6 18. Bc3 fxe5 19. Rd3 Rad8 20. fxe5 d6 21. Qe1 Qc8 22. exd6 Bxd6 23. Rxd6 Rxd6 24. Qe5 Rd4 25. Bxd4 cxd4 26. Qxd4 Rd8 27. Qe4 Qc5+ 28. Kh1 e5 29. Re1 Rd2 30. b4 Qd4 31. Qxd4 exd4 32. Kg1 Rxa2 33. Rd1 Ra4 34. Rb1 a5 35. c5 axb4 36. c6 Ra6 37. Rc1 Ra8 38. Kf2 b3 39. Kf3 Rc8 40. Ke4 b2 41. Rb1 Rxc6 42. Rxb2 Rc4 43. Rd2 Kg7 44. h3 Kh6 45. Rxd4 Rxd4+ 46. Kxd4 Kg5 47. g3 Kf5 48. Kd5 g5 49. Kd4 h5 50. Kd5 h4 51. gxh4 gxh4 52. Kd4 1/2-1/2

[Event "Olympiad-44"]
[Site "Chennai"]
[Date "2022.08.07"]
[Round "9.4"]
[White "Nabil Nazar, Mohamed"]
[Black "Rabeea, Sabah Nori"]
[Result "1-0"]
[WhiteElo "1845"]
[BlackElo "2122"]
[PlyCount "43"]
[EventDate "2022.07.29"]
[EventType "team-swiss"]
[EventRounds "11"]
[EventCountry "IND"]
[SourceTitle "CBM 210"]
[Source "ChessBase"]
[SourceDate "2022.10.31"]
[SourceVersion "1"]
[SourceVersionDate "2022.10.31"]
[SourceQuality "1"]
[WhiteTeam "Sri Lanka"]
[BlackTeam "Iraq"]
[WhiteTeamCountry "SRI"]
[BlackTeamCountry "IRQ"]

1. d4 d5 2. Bf4 Nf6 3. e3 c5 4. Nf3 Nc6 5. Nbd2 Qb6 6. dxc5 Qxb2 7. Rb1 Qa3 8. Bb5 Bg4 9. 0-0 e6 10. c4 Be7 11. Qa4 Qxa4 12. Bxa4 Kf8 13. Rxb7 Na5 14. c6 Bxf3 15. Nxf3 Ne4 16. Rfb1 f6 17. cxd5 exd5 18. Rb8+ Kf7 19. c7 Bd6 20. Bxd6 Nxd6 21. Rxa8 Rxa8 22. Rb8 1-0

[Event "SRI-ch"]
[Site "Nugegoda"]
[Date "2021.12.30"]
[Round "13"]
[White "Nabil Nazar, Mohamed"]
[Black "De Silva, Osheen"]
[Result "0-1"]
[WhiteElo "1499"]
[BlackElo "1806"]
[PlyCount "62"]
[EventDate "2021.12.24"]
[EventType "tourn"]
[EventRounds "13"]
[EventCountry "SRI"]
[SourceTitle "CBM 205 Extra"]
[Source "ChessBase"]
[SourceDate "2022.01.31"]
[SourceVersion "1"]
[SourceVersionDate "2022.01.31"]
[SourceQuality "1"]

1. d4 d5 2. Bf4 c5 3. e3 Nc6 4. c3 Nf6 5. Nd2 Qb6 6. b3 Bf5 7. Ngf3 e6 8. Be2 h6 9. a3 a5 10. 0-0 Be7 11. Ne5 Nxe5 12. Bxe5 0-0 13. f3 Rfd8 14. Qc1 Rac8 15. Qb2 Nd7 16. Bg3 Bg6 17. Rfc1 Bf6 18. Bd1 e5 19. Bf2 cxd4 20. cxd4 exd4 21. exd4 Nf8 22. Rxc8 Rxc8 23. f4 Ne6 24. Nf3 Nxf4 25. Rc1 Re8 26. Ne5 Nd3 27. Nxd3 Bxd3 28. Qc3 Bg5 29. Qc7 Qf6 30. Qd7 Re1+ 31. Bxe1 Qf1# 0-1

[Event "SRI-ch"]
[Site "Nugegoda"]
[Date "2021.12.30"]
[Round "12"]
[White "Piyumantha, M Thisal Manjith"]
[Black "Nabil Nazar, Mohamed"]
[Result "1/2-1/2"]
[WhiteElo "1818"]
[BlackElo "1499"]
[PlyCount "64"]
[EventDate "2021.12.24"]
[EventType "tourn"]
[EventRounds "13"]
[EventCountry "SRI"]
[SourceTitle "CBM 205 Extra"]
[Source "ChessBase"]
[SourceDate "2022.01.31"]
[SourceVersion "1"]
[SourceVersionDate "2022.01.31"]
[SourceQuality "1"]

1. d4 d5 2. c4 e6 3. g3 Nf6 4. Bg2 Be7 5. Nf3 0-0 6. 0-0 dxc4 7. Qc2 b5 8. a4 b4 9. Nfd2 Nd5 10. Nxc4 a5 11. Ne3 Bb7 12. Nxd5 exd5 13. Nd2 Nd7 14. Nb3 Bd6 15. Nc5 Bxc5 16. dxc5 c6 17. Bf4 Nf6 18. Rad1 Qc8 19. Rfe1 Re8 20. f3 Ba6 21. e4 Ra7 22. b3 h6 23. Bd6 dxe4 24. fxe4 Qe6 25. e5 Nd5 26. Qf2 Nc3 27. Rd4 Bb7 28. Rc4 Ba6 29. Rd4 Bb7 30. Rc4 Ba6 31. Rd4 Bb7 32. Rd2 Ba6 1/2-1/2

[Event "SRI-ch"]
[Site "Nugegoda"]
[Date "2021.12.24"]
[Round "1"]
[White "Kiriella, KGTSD"]
[Black "Nabil Nazar, Mohamed"]
[Result "1-0"]
[WhiteElo "1608"]
[BlackElo "1499"]
[PlyCount "104"]
[EventDate "2021.12.24"]
[EventType "tourn"]
[EventRounds "13"]
[EventCountry "SRI"]
[SourceTitle "CBM 205 Extra"]
[Source "ChessBase"]
[SourceDate "2022.01.31"]
[SourceVersion "1"]
[SourceVersionDate "2022.01.31"]
[SourceQuality "1"]

1. e4 c5 2. Nf3 e6 3. d4 cxd4 4. Nxd4 Nf6 5. Nc3 Nc6 6. Be2 Bb4 7. 0-0 Bxc3 8. bxc3 Nxe4 9. Bd3 Nxc3 10. Nxc6 dxc6 11. Qh5 Qf6 12. Bg5 Qd4 13. Be3 Qf6 14. Qc5 Nd5 15. Bd4 Qe7 16. Qxe7+ Kxe7 17. Bxg7 Rg8 18. Bh6 f5 19. Rfe1 Kf6 20. Bc1 Nb4 21. Bb2+ Kf7 22. Rad1 b6 23. Re3 h6 24. Rh3 Nxd3 25. Rdxd3 Ba6 26. Rd7+ Ke8 27. Rd1 Rg6 28. Bc1 Bc4 29. Bxh6 Rd8 30. Rxd8+ Kxd8 31. Bf4 Bd5 32. g3 Bf3 33. Rh8+ Kd7 34. Be5 Rg4 35. Rh7+ Ke8 36. Bf4 e5 37. h3 Rg6 38. Rh6 Rxh6 39. Bxh6 Ke7 40. Kf1 Kd6 41. Ke1 Kc5 42. Kd2 Kb4 43. Bg7 e4 44. Bb2 Kc4 45. Ke3 Kd5 46. Kf4 Bd1 47. h4 Ke6 48. Kg5 Bg4 49. h5 Bd1 50. h6 e3 51. fxe3 f4 52. h7 Kd5 1-0

[Event "SRI-ch"]
[Site "Nugegoda"]
[Date "2021.12.24"]
[Round "2"]
[White "Nabil Nazar, Mohamed"]
[Black "De Silva, LMST"]
[Result "0-1"]
[WhiteElo "1499"]
[BlackElo "2131"]
[PlyCount "74"]
[EventDate "2021.12.24"]
[EventType "tourn"]
[EventRounds "13"]
[EventCountry "SRI"]
[SourceTitle "CBM 205 Extra"]
[Source "ChessBase"]
[SourceDate "2022.01.31"]
[SourceVersion "1"]
[SourceVersionDate "2022.01.31"]
[SourceQuality "1"]

1. c4 e5 2. g3 Nf6 3. Bg2 d5 4. cxd5 Nxd5 5. Nc3 Nb6 6. Nf3 Nc6 7. 0-0 Be7 8. a3 a5 9. d3 0-0 10. Be3 Be6 11. Rc1 a4 12. Bxb6 cxb6 13. Nxa4 e4 14. Ne1 Bg5 15. Ra1 exd3 16. Nxd3 Nd4 17. Nc3 Bb3 18. Qb1 Nc2 19. Ra2 Bf6 20. Ne4 Nd4 21. Nf4 Be5 22. e3 Bxf4 23. gxf4 Bxa2 24. Qxa2 Nf5 25. Nc3 Nh4 26. Bxb7 Ra7 27. Bd5 Rd7 28. Kh1 Qe7 29. Rg1 b5 30. Rd1 Rfd8 31. Qb3 Qf6 32. Qxb5 Qe6 33. Qc4 Qh3 34. Qe4 Kh8 35. Rg1 f5 36. Qe5 Nf3 37. Rg2 Nxe5 0-1